Catalog

Record Details

Catalog Search



Mistr Jan Hus : jeho život a význam Cover Image Book Book

Mistr Jan Hus : jeho život a význam Kamil Krofta

Krofta, Kamil (Author).

Record details

  • Physical Description: 64 s.
  • Publisher: Praha Josef R. Vilímek /193-?/

Available copies

  • 1 of 1 copy available at Common Catalog SPOK.

Holds

  • 0 current holds with 1 total copy.
Show Only Available Copies
Location Call Number / Copy Notes Barcode Shelving Location Status Due Date
ETS Library 284.3092 424470002251 Volný výběr Available -

LDR 00615nam a2 00229
00135897
003CZ-PrJAB
00520030401000000.0
008030401s1800 xr e |||| |cze
009cz
035 . ‡a(CONS)5862
035 . ‡aKPS2149
041 . ‡acze
08214. ‡a284.3092
100 . ‡71779 ‡aKrofta, Kamil
245 . ‡aMistr Jan Hus : ‡bjeho život a význam ‡cKamil Krofta
260 . ‡aPraha ‡bJosef R. Vilímek ‡c/193-?/
300 . ‡a64 s.
490 . ‡aZa vzděláním ‡vSv. 37. - 38.
653 . ‡aMistr Jan Hus
8524 . ‡bETS ‡bETS ‡cVolný výběr ‡j284.3092 ‡gA ‡p424470002251
910 . ‡aABG450
999 . ‡a5862 ‡bAUTOGEN ‡c5862 ‡tbiblio
905 . ‡uadmin
901 . ‡a35897 ‡b ‡c35897 ‡tbiblio ‡sets

Additional Resources